000 00757nam a22002057a 4500
999 _c1707
_d1707
003 AR-CdUCM
008 190227b ||||| |||| 00| 0 esp d
020 _aISBN
040 _aMUNICIPALIDAD PROVINCIAL DEL CUSCO
_cBIBLIOTECA MUNICIPAL DEL CUSCO
082 _a869.019 /
_bC732
100 _aCometta Manzoni, Aída
_96316
245 _aEl indio en la poesía de América española /
_cAída Cometta Manzoni.
260 _aBuenos Aires :
_bJoaquin Torres,
_c1939
300 _a290 paginas ;
_c20 cm.
505 _aEl problema del indio -- El indio en los poetas románticos -- El indigenismo de Ricardo Rojas ...
650 _aPoesía latinoamericana.
_92147
650 _aIndígenas de América.
_96317
942 _2ddc
_cLIBROS
945 _aacrt
_d2019-02-27